000 01116nam a2200289 i 4500
003 EG-ScBUE
005 20260203102954.0
008 181204s2025 ua f 000 0 ara d
017 _a2019 / 25407
020 _a9789778240788
040 _aEG-ScBUE
_bara
_erda
_cEG-ScBUE
_dEG-ScBUE
082 0 4 _a362.8292
_bع ث م
_222
100 1 _aعثمان، عماد رشاد،
_d1986-
_eمؤلف.
_941953
245 1 0 _aأبي الذي أكره :
_bتأملات حول التعافي من إساءات الأبوين وصدمات النشاة /
_cد. عماد رشاد عثمان
250 _aالطبعة السادس والخمسون.
264 1 _aالقاهرة :
_bالرواق للنشر والتوزيع،
_c2025.
300 _a298 صفحة ؛
_c20 سم
336 _2rdacontent
_aنص
_btxt
337 _2rdamedia
_aبدون وسيط
_bn
338 _2rdacarrier
_aمجلد
_bnc
541 _cBook Fair 2026.
650 7 _aالعنف الأسري
_2BUEsh
650 7 _aالعلاقات الأسرية
_xجوانب نفسية.
_2BUEsh
653 _bHHUUPPSS
_cJanuary2026
655 _vReading book
942 _2ddc
999 _c31067
_d31038